000 00295nam a22001337a 4500
999 _c13789
_d13789
020 _a9780745696683
082 _a301
100 _aAnthony Giddens and Philip W. Sutton
245 _aSociology
250 _a8th edition
260 _aUK
_bPolity
_c2017
300 _aXI, 1130 pages
942 _cBK